Menej spotreby, menej odkázanosti

Iniciatívna správa Európskeho parlamentu o vytvorení spoločnej európskej zahraničnej politiky v energetike. Núdzové zásoby ropy krajín Európskej únie. Plyn na druhom mieste medzi zdrojmi energie využívaných v rámci EÚ. Vytvorenie južného plynového koridoru - významná priorita. Poučenie z plynovej kr...

Celý popis

Uložené v:
Podrobná bibliografia
Hlavný autor: Žitňanský, Eduard
Médium: Kapitola
Jazyk:Slovak
Predmet:
Tagy: Pridať tag
Žiadne tagy, Buďte prvý, kto otaguje tento záznam!

MARC

LEADER 00000naa$a2200000$$$4500
001 0095988
005 20231009102703.0
041 0 |a slo 
044 |a SK 
245 1 0 |a Menej spotreby, menej odkázanosti  |c Eduard Žitňanský 
520 |a Iniciatívna správa Európskeho parlamentu o vytvorení spoločnej európskej zahraničnej politiky v energetike. Núdzové zásoby ropy krajín Európskej únie. Plyn na druhom mieste medzi zdrojmi energie využívaných v rámci EÚ. Vytvorenie južného plynového koridoru - významná priorita. Poučenie z plynovej krízy v januári 2009. Základné ciele energetickej politiky EÚ. Intenzívnejšie využívanie jadrovej energie. 
610 2 0 |a energetika 
610 2 0 |a zdroje energie 
610 2 0 |a bezpečnosť energetická 
610 2 0 |a politika energetická 
610 2 0 |a plyn zemný 
610 2 0 |a ropa 
610 2 0 |a Európska únia 
100 1 |a Žitňanský, Eduard